The economic growth of Singapore : Trade and development in the twentieth

Part one: Themes and beginnings, Part two: Development as a staple port, 1900-1939, Part three: Staple port and rapid growth, 1947-1990.

Gespeichert in:
Bibliographische Detailangaben
1. Verfasser: Huff, W. G.
Format: Buch
Sprache:Undetermined
Veröffentlicht: Cambridge Cambridge University Press 1994
Schlagworte:
Tags: Tag hinzufügen
Keine Tags, Fügen Sie den ersten Tag hinzu!
Thư viện lưu trữ: Trung tâm Học liệu Trường Đại học Cần Thơ
LEADER 00796nam a2200217Ia 4500
001 CTU_92157
008 210402s9999 xx 000 0 und d
082 |a 338.9595 
082 |b H889 
100 |a Huff, W. G. 
245 4 |a The economic growth of Singapore : 
245 0 |b Trade and development in the twentieth 
245 0 |c W. G. Huff 
260 |a Cambridge 
260 |b Cambridge University Press 
260 |c 1994 
520 |a Part one: Themes and beginnings, Part two: Development as a staple port, 1900-1939, Part three: Staple port and rapid growth, 1947-1990. 
650 |a Singapore,Singapore,Chính sách kinh tế,Economic policy,Economic policy 
650 |x Commerce,Thương mại 
904 |i Nguyên 
980 |a Trung tâm Học liệu Trường Đại học Cần Thơ